[Event "XI Corsicoscacchi FIDE"]
[Site "Corsico ITA"]
[Date "1996.04.??"]
[Round "6"]
[White "Barberi, Alessandro"]
[Black "Tencati, Giuseppe"]
[Result "1-0"]
[WhiteElo "2220"]
[BlackElo "2080"]
[PlyCount "79"]
[EventDate "1996.04.24"]

1. d4 d5 2. c4 c6 3. Nf3 Nf6 4. Nc3 e6 5. Bg5 h6 6. Bh4 dxc4 7. a4 Nbd7 8. e3
Qa5 9. Bxc4 Bb4 10. Qc2 Nd5 11. Rc1 O-O 12. e4 Nf4 13. Bg3 Ng6 14. e5 c5 15.
O-O cxd4 16. Nb5 a6 17. Nfxd4 Nc5 18. Rfd1 Bd7 19. b3 Rac8 20. Qe2 Bc6 21. Nxc6
Rxc6 22. Nd4 Rc7 23. f4 Ne7 24. f5 Qb6 25. f6 Ng6 26. fxg7 Rd8 27. Bf2 Rcd7 28.
h4 Qc7 29. Nf3 Nf4 30. Qc2 Kxg7 31. Rxd7 Rxd7 32. Rd1 Rxd1+ 33. Qxd1 Nd7 34.
Qd4 Ng6 35. Qg4 Kh7 36. Bd3 Qc3 37. Be4 Qc1+ 38. Kh2 Bf8 39. Ng5+ hxg5 40.
Bxg6+ 1-0

[Event "XI Corsicoscacchi FIDE"]
[Site "Corsico ITA"]
[Date "1996.04.??"]
[Round "6"]
[White "Braunberger, Federico"]
[Black "Caselli, Luigi"]
[Result "0-1"]
[WhiteElo "2120"]
[BlackElo "2325"]
[PlyCount "96"]
[EventDate "1996.04.24"]

1. d4 d5 2. Nf3 e6 3. Bf4 Bd6 4. Bxd6 cxd6 5. e3 Nf6 6. Bd3 Nc6 7. O-O O-O 8.
c3 e5 9. Be2 Bg4 10. h3 Bh5 11. Nh2 Bxe2 12. Qxe2 e4 13. Nd2 Qe7 14. Rfc1 Rfc8
15. Ndf1 Qd7 16. Ng3 a6 17. f4 exf3 18. Qxf3 Qe6 19. Re1 Re8 20. Re2 Re7 21.
Rf1 Rae8 22. Nf5 Rd7 23. Qg3 g6 24. Nh6+ Kg7 25. N6g4 Ne4 26. Qf3 f5 27. Nf2
Nxf2 28. Qxf2 Rf7 29. Rfe1 Ne7 30. Nf3 h6 31. b3 Ng8 32. c4 Nf6 33. Rc2 Rc8 34.
Qe2 Re7 35. c5 dxc5 36. dxc5 Qe4 37. Qd2 g5 38. Rc3 g4 39. hxg4 Qxg4 40. Rf1
Ne4 41. Qd4+ Kh7 42. Rc2 Rg7 43. Nh2 Qg5 44. b4 Rcg8 45. Rf3 Qxg2+ 46. Rxg2
Rxg2+ 47. Kf1 Rg1+ 48. Ke2 R8g2+ 0-1

[Event "XI Corsicoscacchi FIDE"]
[Site "Corsico ITA"]
[Date "1996.04.??"]
[Round "6"]
[White "Cappello, Guido"]
[Black "Vicari, Luigi"]
[Result "1-0"]
[WhiteElo "2195"]
[BlackElo "2155"]
[PlyCount "72"]
[EventDate "1996.04.24"]

1. e4 e5 2. f4 Qh4+ 3. g3 Qe7 4. fxe5 d6 5. exd6 Qxe4+ 6. Qe2 Qxe2+ 7. Nxe2
Bxd6 8. Bg2 Nc6 9. a3 Bg4 10. Nbc3 O-O-O 11. h3 Bf5 12. d3 Re8 13. O-O Be6 14.
Be3 Nge7 15. Ne4 Bd5 16. Nxd6+ cxd6 17. Nc3 Bxg2 18. Kxg2 f6 19. Rae1 Kd7 20.
d4 a6 21. Bg1 Ng6 22. Nd5 Nce7 23. Ne3 Nf8 24. c4 Ne6 25. Rd1 Ng5 26. b3 Nf7
27. a4 Rc8 28. c5 Rhe8 29. Rd2 Ra8 30. g4 Rec8 31. Bh2 Rd8 32. d5 Ne5 33. cxd6
N5g6 34. Nc4 Rab8 35. Rc1 Ra8 36. Rdc2 Nc6 1-0

[Event "XI Corsicoscacchi FIDE"]
[Site "Corsico ITA"]
[Date "1996.04.??"]
[Round "6"]
[White "Mione, Dario"]
[Black "Cazzaniga, Walter"]
[Result "1-0"]
[WhiteElo "2086"]
[BlackElo "2190"]
[PlyCount "43"]
[EventDate "1996.04.24"]

1. e4 e6 2. d4 d5 3. Nc3 Bb4 4. exd5 exd5 5. Bd3 Nc6 6. Nge2 Nge7 7. Bf4 Bg4 8.
Qd2 Qd7 9. a3 Ba5 10. O-O O-O 11. b4 Bb6 12. a4 Rac8 13. a5 Bxd4 14. b5 Bxc3
15. bxc6 Bxd2 16. cxd7 Bxd7 17. Bxd2 c5 18. c3 Rfe8 19. Rfb1 c4 20. Bc2 Bf5 21.
Bxf5 Nxf5 22. Ng3 1-0

[Event "XI Corsicoscacchi FIDE"]
[Site "Corsico ITA"]
[Date "1996.04.??"]
[Round "6"]
[White "Natalucci, Fabrizio"]
[Black "Mordiglia, Riccardo"]
[Result "1-0"]
[WhiteElo "2220"]
[BlackElo "2085"]
[PlyCount "67"]
[EventDate "1996.04.24"]

1. d4 d6 2. Nf3 Bg4 3. c4 Nd7 4. Qb3 Rb8 5. Be3 c6 6. Nc3 Ngf6 7. Rc1 Qa5 8.
Bd2 Qb6 9. e4 Qxb3 10. axb3 c5 11. d5 Bxf3 12. gxf3 g6 13. Ra1 a6 14. Kd1 Bg7
15. Kc2 O-O 16. Be2 Ne8 17. h4 h5 18. Rag1 Kh7 19. Rg2 Nc7 20. Rhg1 Bf6 21. f4
Rg8 22. Nd1 b5 23. Nc3 bxc4 24. bxc4 e6 25. Bd3 e5 26. Be2 exf4 27. Bxf4 Ne5
28. Bg5 Nd7 29. Bxf6 Nxf6 30. f4 Nd7 31. Rg5 Kh6 32. Bf3 Rb4 33. b3 Re8 34. e5
1-0

[Event "XI Corsicoscacchi FIDE"]
[Site "Corsico ITA"]
[Date "1996.04.??"]
[Round "6"]
[White "Piantoni, Roberto"]
[Black "Rossi, Giampiero"]
[Result "1/2-1/2"]
[WhiteElo "2170"]
[BlackElo "2130"]
[PlyCount "83"]
[EventDate "1996.04.24"]

1. d4 d5 2. Nf3 c6 3. e3 Bf5 4. Bd3 Bxd3 5. cxd3 Nf6 6. O-O e6 7. Qe2 Be7 8.
Nc3 O-O 9. e4 Nbd7 10. Re1 h6 11. Bf4 Re8 12. h3 a5 13. Rac1 a4 14. a3 Qa5 15.
Qc2 Bf8 16. Bd2 Qa6 17. Ne5 Nxe5 18. dxe5 Nd7 19. exd5 cxd5 20. d4 Rec8 21. Re3
Qc4 22. Qd3 Nb6 23. Ne2 Qxd3 24. Rxd3 Rxc1+ 25. Bxc1 Rc8 26. Rc3 Rxc3 27. Nxc3
Be7 28. Kf1 Kf8 29. Ke2 Ke8 30. Kd3 Kd7 31. Kc2 Kc6 32. Bd2 Bh4 33. g3 Bd8 34.
Bc1 Be7 35. Bd2 h5 36. h4 g6 37. Bg5 Bxg5 38. hxg5 Kd7 39. Nb5 Nc4 40. Nc3 Nb6
41. Nb5 Nc4 42. Nc3 1/2-1/2

[Event "XI Corsicoscacchi FIDE"]
[Site "Corsico ITA"]
[Date "1996.04.??"]
[Round "6"]
[White "Sbarra, Marco"]
[Black "Barlocco, Carlo"]
[Result "1/2-1/2"]
[WhiteElo "2280"]
[BlackElo "2170"]
[PlyCount "113"]
[EventDate "1996.04.24"]

1. d4 d5 2. c4 c6 3. Nc3 Nf6 4. cxd5 cxd5 5. Bf4 Nc6 6. e3 e6 7. Bd3 Be7 8. h3
Bd7 9. Nf3 O-O 10. O-O Nh5 11. Bh2 f5 12. Ne5 Nf6 13. f3 Rc8 14. a3 Na5 15. Rc1
Nc4 16. Nxc4 dxc4 17. Bb1 Bc6 18. e4 fxe4 19. fxe4 b5 20. e5 Ne8 21. Qg4 Qd7
22. d5 Bxd5 23. Nxd5 Qxd5 24. Be4 Qd7 25. Bf4 Nc7 26. Rfd1 Bc5+ 27. Kh1 Qe7 28.
Bg5 Qe8 29. Bf6 Rf7 30. a4 a6 31. axb5 axb5 32. b3 Kh8 33. Bh4 Be3 34. Rc3 Rf4
35. Rxe3 Rxg4 36. hxg4 Qf8 37. Rh3 h6 38. g5 Rd8 39. Ra1 Qf4 40. gxh6 Qxe4 41.
hxg7+ Kxg7 42. Bxd8 Qd4 43. Bf6+ Kf7 44. Rf1 Nd5 45. bxc4 bxc4 46. Rh4 Qd3 47.
Rf3 Qb1+ 48. Kh2 c3 49. Rg3 Nxf6 50. Rf3 c2 51. Rxf6+ Ke7 52. Rh7+ Ke8 53.
Rxe6+ Kd8 54. Rd6+ Kc8 55. Rc6+ Kb8 56. Rhc7 Qe1 57. Rxc2 1/2-1/2

[Event "Torneo Circolo Salvadanee'"]
[Site "Milano ITA"]
[Date "1996.04.13"]
[Round "1"]
[White "Cebalo, Miso"]
[Black "Vujovic, Milorad"]
[Result "1/2-1/2"]
[WhiteElo "2495"]
[BlackElo "2345"]
[PlyCount "160"]
[EventDate "1996.04.13"]

1.d4 Nf6 2.Nf3 e6 3.c4 Bb4+ 4.Nbd2 a5 5.a3 Bxd2+ 6.Bxd2 a4 7.Qc2 d5 8.cxd5
exd5 9.Bg5 c6 10.e3 Qa5+ 11.Qd2 Ne4 12.Qxa5 Rxa5 13.Bf4 Nd7 14.Bd3 O-O 15.
Rc1 Re8 16.Nd2 f5 17.Nb1 Nf8 18.f3 Nf6 19.Kf2 Ne6 20.Be5 Nd7 21.Bd6 g6 22.
h3 Ng5 23.Nc3 Nf7 24.Bf4 Nf8 25.Bc2 b5 26.Bb1 Bd7 27.Rhd1 Raa8 28.Na2 Re6 
29.Nb4 Rae8 30.Rc3 g5 31.Bc7 Rf6 32.Rdc1 Ree6 33.Nd3 Be8 34.Be5 Nxe5 35.
dxe5 Rf7 36.f4 Rg6 37.Nb4 Ne6 38.Nxc6 gxf4 39.Ba2 fxe3+ 40.Rxe3 Nf4 41.Nd4
Rxg2+ 42.Kf3 Rd2 43.e6 Rxd4 44.exf7+ Bxf7 45.Rc7 Nxh3 46.Ree7 Ng5+ 47.Ke3 
Rd1 48.Red7 f4+ 49.Kf2 Rd2+ 50.Kf1 f3 51.Rd8+ Kg7 52.Rxd5 Rxb2 53.Rxg5+ 
Kf6 54.Rxf7+ Kxg5 55.Bd5 b4 56.axb4 a3 57.Ra7 Kf4 58.Rxa3 Rb1+ 59.Kf2 Rb2+
60.Kg1 Rxb4 61.Bxf3 h6 62.Kf2 Rb2+ 63.Be2 Rb6 64.Ra4+ Kf5 65.Bf3 Kf6 66.
Ke3 Rd6 67.Kf4 Rb6 68.Ra5 Rb4+ 69.Be4 Rb6 70.Rh5 Kg7 71.Rh1 Rf6+ 72.Ke5 
Rb6 73.Rg1+ Kh8 74.Bd5 Kh7 75.Bg8+ Kh8 76.Be6 Kh7 77.Kf6 Rb7 78.Bf5+ Kh8 
79.Be4 Ra7 80.Rb1 Ra6+ 1/2-1/2

[Event "Torneo Circolo Salvadanee'"]
[Site "Milano ITA"]
[Date "1996.04.13"]
[Round "1"]
[White "Efimov, Igor"]
[Black "Di Fonzo, Valerio"]
[Result "1/2-1/2"]
[WhiteElo "2455"]
[BlackElo "2225"]
[PlyCount "128"]
[EventDate "1996.04.13"]

1.d4 Nf6 2.Nf3 g6 3.g3 Bg7 4.Bg2 O-O 5.O-O d5 6.Nbd2 Na6 7.Ne5 Bf5 8.Ndf3 
Be4 9.Bh3 h6 10.Bd2 g5 11.b4 c6 12.Ne1 Nc7 13.f3 Bh7 14.N1d3 Nb5 15.e3 Nd6
16.Qe2 Bf5 17.Bxf5 Nxf5 18.g4 Nd6 19.h4 Nd7 20.hxg5 hxg5 21.f4 Ne4 22.f5 
Ng3 23.Qh2 Nxf1 24.Rxf1 Nf6 25.Kg2 Qc7 26.Rh1 Rfd8 27.Be1 a5 28.Bg3 Qb6 
29.Nf3 Qb5 30.Nxg5 axb4 31.Kf3 Rxa2 32.Nxf7 Qxd3 33.cxd3 Rxh2 34.Rxh2 Kxf7
35.Rb2 b5 36.Rxb4 Nh7 37.Rb1 Ng5+ 38.Ke2 Ra8 39.Rb2 Bf6 40.Bf4 Nh3 41.Bg3 
Ng5 42.Bf4 Ke8 43.Rc2 Kd7 44.Bg3 e6 45.Bf4 exf5 46.gxf5 Nf7 47.Rc1 Ra2+ 
48.Kf3 Nd6 49.Kg4 Bd8 50.Rh1 Ne8 51.Rh7+ Be7 52.Be5 Rf2 53.e4 b4 54.Kg3 
Rf1 55.Rh2 dxe4 56.dxe4 Bd6 57.Rh7+ Kd8 58.Rb7 Bxe5+ 59.dxe5 c5 60.Rb5 Rc1
61.f6 Nc7 62.Rb8+ Kd7 63.f7 Ne6 64.Rb7+ Kd8 1/2-1/2

[Event "Torneo Circolo Salvadanee'"]
[Site "Milano ITA"]
[Date "1996.04.13"]
[Round "1"]
[White "Lanzani, Mario"]
[Black "Pozzi, Enrico"]
[Result "1-0"]
[WhiteElo "2320"]
[BlackElo "2240"]
[PlyCount "79"]
[EventDate "1996.04.13"]

1.Nf3 d6 2.d4 Bg4 3.g3 Nf6 4.Bg2 c6 5.O-O Nbd7 6.c4 e5 7.Nc3 Be7 8.h3 Bh5 
9.g4 Bg6 10.Nh4 O-O 11.b3 Ne8 12.Nxg6 hxg6 13.e4 exd4 14.Qxd4 Nc7 15.Qd2 
g5 16.Ba3 Ne6 17.Bxd6 Ne5 18.Rfd1 Bxd6 19.Qxd6 Qf6 20.Qd2 Rfd8 21.Qe3 Nd4 
22.Rac1 Ndf3+ 23.Bxf3 Nxf3+ 24.Kg2 Nh4+ 25.Kf1 Qe5 26.Qg3 Qf4 27.Qxf4 gxf4
28.Ke2 Kf8 29.c5 Ke7 30.Na4 Ke6 31.Nb2 Ng6 32.Nc4 Rh8 33.Rd6+ Ke7 34.Rcd1 
Rxh3 35.Rd7+ Ke8 36.Rxb7 f3+ 37.Ke3 Nh4 38.Rdd7 Ng2+ 39.Kd4 f6 40.Rxg7 1-0

[Event "Torneo Circolo Salvadanee'"]
[Site "Milano ITA"]
[Date "1996.04.13"]
[Round "1"]
[White "Magrini, Riccardo"]
[Black "Valenti, Giuseppe"]
[Result "1/2-1/2"]
[WhiteElo "2300"]
[BlackElo "2210"]
[PlyCount "45"]
[EventDate "1996.04.13"]

1.e4 c6 2.d4 d5 3.Nc3 dxe4 4.Nxe4 Nf6 5.Nxf6+ exf6 6.c3 Bd6 7.Bc4 O-O 8.
Qf3 Re8+ 9.Ne2 Qc7 10.Bd3 Nd7 11.Qh5 Nf8 12.O-O Be6 13.Ng3 g6 14.Qh6 Bd5 
15.c4 Be6 16.Ne4 Be7 17.Ng3 Nd7 18.Nh5 Bf8 19.Qf4 Qd8 20.Ng3 f5 21.Bd2 Nf6
22.Bc3 Bd6 23.Qg5 1/2-1/2

[Event "Torneo Circolo Salvadanee'"]
[Site "Milano ITA"]
[Date "1996.04.14"]
[Round "2"]
[White "Cebalo, Miso"]
[Black "Efimov, Igor"]
[Result "0-1"]
[WhiteElo "2495"]
[BlackElo "2455"]
[PlyCount "68"]
[EventDate "1996.04.13"]

1.d4 Nf6 2.Nf3 e6 3.c4 a6 4.Nc3 c5 5.d5 b5 6.Bg5 b4 7.Ne4 Be7 8.Nxf6+ Bxf6
9.h4 h6 10.Bxf6 Qxf6 11.Qc2 exd5 12.cxd5 d6 13.e3 Nd7 14.a3 O-O 15.axb4 
cxb4 16.Be2 Nc5 17.Nd4 Re8 18.Rd1 Bd7 19.h5 Rac8 20.Qb1 Ba4 21.b3 Ne4 22.
O-O Nc3 23.Qd3 Nxd1 24.Rxd1 Bb5 25.Nxb5 axb5 26.Qxb5 Qc3 27.Bc4 Ra8 28.Qd7
Qe5 29.Rd4 Qxh5 30.g4 Qe5 31.Rf4 Qe7 32.Qf5 g6 33.Qd3 Ra1+ 34.Kg2 Qh4 0-1

[Event "Torneo Circolo Salvadanee'"]
[Site "Milano ITA"]
[Date "1996.04.14"]
[Round "2"]
[White "Di Fonzo, Valerio"]
[Black "Lanzani, Mario"]
[Result "0-1"]
[WhiteElo "2225"]
[BlackElo "2320"]
[PlyCount "96"]
[EventDate "1996.04.13"]

1.e4 e5 2.Nf3 Nc6 3.Bb5 f5 4.Bxc6 dxc6 5.Nc3 Nf6 6.Qe2 Bd6 7.d3 O-O 8.h3 
Qe8 9.Bd2 b5 10.a4 b4 11.Na2 c5 12.exf5 Bxf5 13.O-O e4 14.dxe4 Qxe4 15.
Qxe4 Nxe4 16.Be3 Bxh3 17.gxh3 Rxf3 18.Kg2 Raf8 19.Rae1 R3f6 20.f4 Bxf4 21.
Bxf4 Rxf4 22.Rxf4 Rxf4 23.Re2 Kf7 24.b3 Nd6 25.c3 bxc3 26.Nxc3 c6 27.Re5 
c4 28.b4 Rf5 29.Rxf5+ Nxf5 30.Kf3 Ke6 31.Ke4 g5 32.a5 Nd6+ 33.Ke3 Ke5 34.
Na4 Nf5+ 35.Kf3 h5 36.a6 Nd4+ 37.Kf2 Nc2 38.Nb6 Nxb4 39.Nxc4+ Kf4 40.Nd6 
Nxa6 41.Nc8 Nc5 42.Nxa7 Ne4+ 43.Kg2 c5 44.Nc6 c4 45.Nd4 Ke3 46.Nc2+ Kd2 
47.Na3 c3 48.Kf3 Kd3 0-1

[Event "Torneo Circolo Salvadanee'"]
[Site "Milano ITA"]
[Date "1996.04.14"]
[Round "2"]
[White "Pozzi, Enrico"]
[Black "Magrini, Riccardo"]
[Result "1-0"]
[WhiteElo "2240"]
[BlackElo "2300"]
[PlyCount "131"]
[EventDate "1996.04.13"]

1.e4 e6 2.d4 d5 3.exd5 exd5 4.c4 Bb4+ 5.Nc3 Qe7+ 6.Qe2 Nc6 7.Bg5 Nxd4 8.
Bxe7 Bxc3+ 9.bxc3 Nxe2 10.Bb4 Nxg1 11.cxd5 Nh3 12.gxh3 Bd7 13.c4 Nh6 14.
Rg1 Nf5 15.O-O-O O-O-O 16.Bd3 Rhg8 17.Bc3 Rde8 18.c5 g6 19.Bf6 c6 20.dxc6 
Bxc6 21.Bc4 Rgf8 22.Rge1 Rxe1 23.Rxe1 Bd7 24.Kb2 Be6 25.Bb5 Bd7 26.Bc4 Be6
27.Bb5 Bd7 28.Bd3 Re8 29.Rxe8+ Bxe8 30.Bc4 a6 31.Bd5 Nh6 32.Bg7 Ng8 33.Kc3
Ne7 34.Bc4 Kd7 35.Bf8 Nc6 36.f4 f5 37.Bd5 Nd8 38.a3 Bf7 39.Bf3 Ke6 40.Bd6 
Be8 41.Be2 Bc6 42.Kb4 Bd5 43.Ka5 Kd7 44.Kb6 Ne6 45.h4 Nd4 46.Bf1 Nf3 47.
Bg2 Kc8 48.h5 Be4 49.h6 Nd2 50.Bh3 Nc4+ 51.Ka7 Nxd6 52.cxd6 Kd7 53.Bf1 Bd5
54.Kb6 Kxd6 55.h4 a5 56.Bb5 Bc6 57.Bc4 Bd5 58.Be2 a4 59.h5 Bf7 60.hxg6 
Bxg6 61.Bc4 Ke7 62.Bd5 Kf6 63.Kxb7 Bf7 64.Bf3 Kg6 65.Kc6 Bb3 66.Kc5 1-0

[Event "Torneo Circolo Salvadanee'"]
[Site "Milano ITA"]
[Date "1996.04.14"]
[Round "2"]
[White "Valenti, Giuseppe"]
[Black "Iudicello, Marco"]
[Result "1-0"]
[WhiteElo "2210"]
[BlackElo "2215"]
[PlyCount "79"]
[EventDate "1996.04.13"]

1.e4 c5 2.Nf3 d6 3.d4 cxd4 4.Nxd4 Nf6 5.Nc3 g6 6.Be3 Bg7 7.Bc4 O-O 8.f3 
Nc6 9.Qd2 Bd7 10.h4 Rc8 11.Bb3 Ne5 12.O-O-O Nc4 13.Bxc4 Rxc4 14.h5 Nxh5 
15.g4 Nf6 16.Nde2 Qc7 17.Bh6 Rc8 18.Bxg7 Kxg7 19.Qh6+ Kg8 20.g5 Nh5 21.Nd5
Rxc2+ 22.Kb1 Qd8 23.Nef4 Qf8 24.Nxh5 gxh5 25.Rxh5 Qxh6 26.Rxh6 Kf8 27.Rxh7
Rg2 28.Rdh1 Rxg5 29.Rh8+ Rg8 30.Rxg8+ Kxg8 31.Nxe7+ Kg7 32.Nxc8 Bxc8 33.
Rd1 Bh3 34.Rxd6 Bg2 35.Rd3 Kf6 36.Kc1 Ke6 37.Kd2 f5 38.exf5+ Kxf5 39.Ke3 
Ke6 40.Rb3 1-0

[Event "Torneo Circolo Salvadanee'"]
[Site "Milano ITA"]
[Date "1996.04.14"]
[Round "2"]
[White "Vujovic, Milorad"]
[Black "Sulava, Nenad"]
[Result "1-0"]
[WhiteElo "2345"]
[BlackElo "2480"]
[PlyCount "53"]
[EventDate "1996.04.13"]

1.c4 b6 2.d4 e6 3.a3 Bb7 4.Nc3 Nf6 5.e3 g6 6.Nf3 Bg7 7.Be2 O-O 8.d5 exd5 
9.cxd5 Re8 10.O-O c5 11.Re1 d6 12.Bc4 a6 13.a4 Bc8 14.h3 Bf5 15.Nd2 Ra7 
16.Qb3 Rae7 17.Bf1 Qc7 18.Nc4 Nbd7 19.f3 Ne5 20.Nxe5 Rxe5 21.Bxa6 Bxh3 22.
gxh3 Nh5 23.Bd2 Qd8 24.Qc4 Bh6 25.Kf2 Bf4 26.Ke2 Bxe3 27.Ne4 1-0

[Event "Torneo Circolo Salvadanee'"]
[Site "Milano ITA"]
[Date "1996.04.15"]
[Round "3"]
[White "Iudicello, Marco"]
[Black "Pozzi, Enrico"]
[Result "0-1"]
[WhiteElo "2215"]
[BlackElo "2240"]
[PlyCount "104"]
[EventDate "1996.04.13"]

1.e4 b6 2.Nc3 Bb7 3.Bc4 e6 4.d3 d5 5.exd5 exd5 6.Qf3 c6 7.Bb3 Qf6 8.Bf4 
Bb4 9.Ne2 Ne7 10.O-O g5 11.Bd2 Qxf3 12.gxf3 h6 13.Ng3 Na6 14.a3 Bd6 15.
Nce2 O-O-O 16.Nd4 Be5 17.c3 Nc5 18.Bc2 Bxd4 19.cxd4 Ne6 20.b4 h5 21.Rfe1 
Rdg8 22.Rac1 Kb8 23.Re5 Ng6 24.Rf5 Nxd4 25.Rxf7 Nf4 26.Bd1 h4 27.Bc3 hxg3 
28.Bxd4 gxf2+ 29.Bxf2 Nh3+ 30.Kf1 Nxf2 31.Kxf2 Rxh2+ 32.Kg3 Rh1 33.d4 Rh4 
34.b5 Rc8 35.bxc6 Bxc6 36.Rf5 Rxd4 37.Bb3 Rd3 38.Ba2 d4 39.Be6 Rc7 40.Rf8+
Kb7 41.Bc4 Rc3 42.Rxc3 dxc3 43.Bd3 Rg7 44.Rd8 Rd7 45.Rxd7+ Bxd7 46.Bc2 Kc6
47.f4 gxf4+ 48.Kxf4 Kc5 49.Ke3 Kc4 50.Ke2 Bg4+ 51.Ke1 b5 52.Kf2 a5 0-1

[Event "Torneo Circolo Salvadanee'"]
[Site "Milano ITA"]
[Date "1996.04.15"]
[Round "3"]
[White "Magrini, Riccardo"]
[Black "Di Fonzo, Valerio"]
[Result "1-0"]
[WhiteElo "2300"]
[BlackElo "2225"]
[PlyCount "111"]
[EventDate "1996.04.13"]

1.e4 e5 2.Nf3 Nc6 3.Bb5 a6 4.Ba4 Nf6 5.Qe2 b5 6.Bb3 Be7 7.a4 b4 8.O-O O-O 
9.a5 Bb7 10.d3 d5 11.c3 dxe4 12.dxe4 bxc3 13.bxc3 Nxe4 14.Qxe4 Nd4 15.Qxb7
Rb8 16.Qd5 Nxb3 17.Qxd8 Rfxd8 18.Ra2 Rd5 19.Nbd2 Rxa5 20.Rxa5 Nxa5 21.Nxe5
Rb5 22.Re1 f6 23.Nec4 Kf7 24.Kf1 Nb7 25.Ba3 Bxa3 26.Nxa3 Rc5 27.Nac4 Rd5 
28.Ra1 a5 29.Ke2 Rb5 30.Rb1 c6 31.Rxb5 cxb5 32.Na3 b4 33.cxb4 axb4 34.Nc2 
Nd6 35.Nxb4 Nf5 36.Nf3 Nd6 37.Kd3 Nb5 38.Nd4 Nd6 39.Nd5 Kf8 40.f3 Kf7 41.
Kc3 Kf8 42.Kb4 Nf7 43.Ne6+ Kg8 44.Ne7+ Kh8 45.Kc5 Ne5 46.Kd4 Nd7 47.f4 g6 
48.Nd5 f5 49.Nc5 Nb8 50.Ne7 Kg7 51.Kd5 Kf6 52.Kd6 g5 53.g3 h5 54.h4 gxh4 
55.gxh4 Kf7 56.Nd5 1-0

[Event "Torneo Circolo Salvadanee'"]
[Site "Milano ITA"]
[Date "1996.04.16"]
[Round "4"]
[White "Cebalo, Miso"]
[Black "Magrini, Riccardo"]
[Result "1-0"]
[WhiteElo "2495"]
[BlackElo "2300"]
[PlyCount "92"]
[EventDate "1996.04.13"]

1.d4 Nf6 2.Nf3 d6 3.c4 Nbd7 4.Nc3 e5 5.e4 c6 6.Be2 Be7 7.O-O O-O 8.Rb1 a5 
9.b3 Re8 10.Re1 h6 11.a3 Bf8 12.Bf1 Qc7 13.d5 Nb6 14.h3 Bd7 15.Be3 c5 16.
Nd2 g5 17.b4 axb4 18.axb4 Na4 19.Nxa4 Rxa4 20.bxc5 dxc5 21.Qf3 Ra6 22.Rb3 
g4 23.Qg3 Nh5 24.Qh4 Nf4 25.Bxf4 exf4 26.hxg4 Rg6 27.e5 Rxe5 28.Rxe5 Qxe5 
29.Rxb7 Be7 30.Qh5 Rg5 31.Qxh6 Bxg4 32.Ra7 Bf8 33.Ra8 Qg7 34.Qd6 Bh3 35.g3
Bxf1 36.Nxf1 fxg3 37.Nxg3 Qa1+ 38.Rxa1 Bxd6 39.Ra3 Rg4 40.Kf1 Rxc4 41.Nf5 
Be5 42.d6 Rf4 43.Ne7+ Kh7 44.d7 Bc7 45.Nd5 Rd4 46.Nxc7 Rxd7 1-0

[Event "Torneo Circolo Salvadanee'"]
[Site "Milano ITA"]
[Date "1996.04.16"]
[Round "4"]
[White "Pozzi, Enrico"]
[Black "Sulava, Nenad"]
[Result "0-1"]
[WhiteElo "2240"]
[BlackElo "2480"]
[PlyCount "74"]
[EventDate "1996.04.13"]

1.e4 c5 2.Nf3 e6 3.d4 cxd4 4.Nxd4 a6 5.Bd3 Qb6 6.Nb3 Qc7 7.O-O Nf6 8.Qe2 
d6 9.Be3 Nbd7 10.a4 b6 11.Nc3 Bb7 12.f4 Be7 13.Nd2 h5 14.h3 h4 15.Rfe1 Nh5
16.Qf2 Ng3 17.Ne2 Bf6 18.Ra3 Nc5 19.Bd4 Ngxe4 20.Nxe4 Nxe4 21.Bxe4 Bxe4 
22.Bxf6 gxf6 23.Rc3 Qb7 24.Nd4 Ke7 25.Qe2 f5 26.Nf3 Rac8 27.Ng5 d5 28.Nxe4
fxe4 29.Qg4 Rxc3 30.bxc3 Qc7 31.Qg7 Rc8 32.Re3 Qxf4 33.Qd4 Rc5 34.c4 Qf6 
35.Qd2 Rxc4 36.a5 b5 37.Re1 Qd4+ 0-1

[Event "Torneo Circolo Salvadanee'"]
[Site "Milano ITA"]
[Date "1996.04.17"]
[Round "5"]
[White "Iudicello, Marco"]
[Black "Cebalo, Miso"]
[Result "0-1"]
[WhiteElo "2215"]
[BlackElo "2495"]
[PlyCount "98"]
[EventDate "1996.04.13"]

1.e4 c5 2.Nc3 Nc6 3.g3 g6 4.Bg2 Bg7 5.d3 e6 6.Be3 d6 7.Qd2 Nge7 8.Bh6 Bxh6
9.Qxh6 Nd4 10.Qd2 Qa5 11.Nge2 Nec6 12.O-O Bd7 13.a3 Rc8 14.Qf4 Ne5 15.Rac1
Qb6 16.b3 O-O 17.Qf6 a5 18.a4 Rfe8 19.h3 Nec6 20.Qf4 Nb4 21.Qd2 Kg7 22.Nd1
Na2 23.Rb1 Nb4 24.Rc1 e5 25.Nec3 Bxh3 26.Ne3 Be6 27.Rb1 Rf8 28.Ncd5 Nxd5 
29.exd5 Bd7 30.Nc4 Qc7 31.Qxa5 Qxa5 32.Nxa5 b5 33.axb5 Nxc2 34.Nc6 Rb8 35.
Nxb8 Rxb8 36.Rfc1 Nd4 37.Bf1 Rxb5 38.Rc3 Bg4 39.Kh1 Ra5 40.Rcc1 Ra2 41.Kg2
Bf3+ 42.Kg1 h6 43.Ra1 Rd2 44.Ra6 Bxd5 45.Rxd6 Bf3 46.Rb6 Rb2 47.Rb8 h5 48.
Rxc5 Rb1 49.Rxe5 Ne2+ 0-1

[Event "Torneo Circolo Salvadanee'"]
[Site "Milano ITA"]
[Date "1996.04.17"]
[Round "5"]
[White "Magrini, Riccardo"]
[Black "Efimov, Igor"]
[Result "0-1"]
[WhiteElo "2300"]
[BlackElo "2455"]
[PlyCount "62"]
[EventDate "1996.04.13"]

1.e4 e5 2.Nf3 Nc6 3.d4 exd4 4.c3 d3 5.Bxd3 g6 6.Bg5 f6 7.Be3 Nh6 8.h3 Nf7 
9.c4 Bb4+ 10.Nbd2 d6 11.Nd4 Bd7 12.Nb3 Qe7 13.O-O Bc5 14.Nxc5 dxc5 15.a3 
Rd8 16.Be2 a5 17.Re1 O-O 18.Bg4 Bxg4 19.Qxg4 Nfe5 20.Qh4 Nd4 21.b4 axb4 
22.axb4 cxb4 23.Ra5 b6 24.Rd5 Nc2 25.Re2 Nxe3 26.Rxe3 c6 27.Rxd8 Rxd8 28.
Re2 g5 29.Qg3 Rd3 30.Nf3 Qd6 31.Re3 Nxf3+ 0-1

[Event "Torneo Circolo Salvadanee'"]
[Site "Milano ITA"]
[Date "1996.04.17"]
[Round "5"]
[White "Sulava, Nenad"]
[Black "Di Fonzo, Valerio"]
[Result "1-0"]
[WhiteElo "2480"]
[BlackElo "2225"]
[PlyCount "99"]
[EventDate "1996.04.13"]

1.Nf3 Nf6 2.c4 g6 3.Nc3 d5 4.cxd5 Nxd5 5.Qa4+ Bd7 6.Qh4 Nxc3 7.Qd4 f6 8.
Qxc3 Nc6 9.b4 Bg7 10.d4 e6 11.e4 f5 12.Bg5 Ne7 13.exf5 gxf5 14.Bc4 Bc6 15.
O-O Qd6 16.Rae1 Be4 17.Nd2 Bxd4 18.Nxe4 fxe4 19.Qh3 e5 20.Rxe4 Qg6 21.Bxe7
Kxe7 22.Qh4+ Kd7 23.Rxd4+ exd4 24.Qxd4+ Qd6 25.Qg4+ Kc6 26.Qf3+ Kb6 27.
Qe3+ Kc6 28.Qf3+ Kb6 29.Qe3+ Kc6 30.Be6 b5 31.Rc1+ Kb7 32.Qf3+ c6 33.Rxc6 
Qxc6 34.Bd5 Rac8 35.g4 a6 36.h4 Qxd5 37.Qxd5+ Rc6 38.Qd7+ Rc7 39.Qd5+ Rc6 
40.a4 bxa4 41.b5 axb5 42.Qxb5+ Rb6 43.Qxa4 h6 44.Qd7+ Ka8 45.Qd5+ Ka7 46.
Qd7+ Ka8 47.g5 hxg5 48.hxg5 Rhb8 49.g6 R8b7 50.g7 1-0

[Event "Torneo Circolo Salvadanee'"]
[Site "Milano ITA"]
[Date "1996.04.17"]
[Round "5"]
[White "Valenti, Giuseppe"]
[Black "Pozzi, Enrico"]
[Result "0-1"]
[WhiteElo "2210"]
[BlackElo "2240"]
[PlyCount "66"]
[EventDate "1996.04.13"]

1.e4 e5 2.Nf3 d6 3.d4 Nf6 4.Nc3 Nbd7 5.Bc4 Be7 6.O-O O-O 7.Re1 c6 8.a4 h6 
9.h3 a5 10.Ba2 Re8 11.Be3 Qc7 12.Nh4 exd4 13.Bxd4 Ne5 14.f4 Nh7 15.Nf5 
Bxf5 16.exf5 Nd7 17.Qh5 d5 18.Nxd5 cxd5 19.Bxd5 Ndf6 20.Qxf7+ Kh8 21.Kh1 
Qxf4 22.Bxf6 Nxf6 23.Rxe7 Rxe7 24.Qxe7 Nxd5 25.Qxb7 Nc7 26.Ra3 Re8 27.Ra1 
Re2 28.f6 gxf6 29.Qc8+ Ne8 30.Qc6 Qe4 31.Rg1 Re3 32.Qc8 f5 33.Rd1 Rxh3+ 
0-1

[Event "Torneo Circolo Salvadanee'"]
[Site "Milano ITA"]
[Date "1996.04.18"]
[Round "6"]
[White "Cebalo, Miso"]
[Black "Sulava, Nenad"]
[Result "1/2-1/2"]
[WhiteElo "2495"]
[BlackElo "2480"]
[PlyCount "61"]
[EventDate "1996.04.13"]

1.d4 d5 2.Nf3 Nf6 3.c4 dxc4 4.Nc3 a6 5.e4 b5 6.e5 Nd5 7.a4 e6 8.axb5 Nb6 
9.Be2 Bb7 10.O-O Be7 11.Be3 O-O 12.bxa6 Rxa6 13.Rb1 Nc6 14.b3 Ra3 15.Bxc4 
Nxc4 16.bxc4 Rxc3 17.Rxb7 Rxc4 18.Qb1 Rb4 19.Rxb4 Nxb4 20.Ng5 Bxg5 21.Qxb4
Bxe3 22.fxe3 Qg5 23.Rf3 Ra8 24.h3 h5 25.Kh2 h4 26.Qb2 c5 27.dxc5 Ra5 28.c6
Qxe5+ 29.Qxe5 Rxe5 30.Rf4 Rc5 31.Rxh4 1/2-1/2

[Event "Torneo Circolo Salvadanee'"]
[Site "Milano ITA"]
[Date "1996.04.18"]
[Round "6"]
[White "Di Fonzo, Valerio"]
[Black "Valenti, Giuseppe"]
[Result "1/2-1/2"]
[WhiteElo "2225"]
[BlackElo "2210"]
[PlyCount "50"]
[EventDate "1996.04.13"]

1.e4 c5 2.Nf3 e6 3.d4 cxd4 4.Nxd4 a6 5.Bd3 Qc7 6.O-O Nf6 7.Qe2 d6 8.c4 g6 
9.f4 Bg7 10.Kh1 O-O 11.Nc3 Re8 12.Nf3 Nbd7 13.e5 dxe5 14.fxe5 Ng4 15.Bf4 
Ngxe5 16.Rae1 f6 17.Bxe5 Nxe5 18.Nxe5 Qxe5 19.Qxe5 fxe5 20.Be4 Rd8 21.Rd1 
Rd4 22.Na4 Bd7 23.Nc5 Bc8 24.Na4 Bd7 25.Nc5 Bc8 1/2-1/2

[Event "Torneo Circolo Salvadanee'"]
[Site "Milano ITA"]
[Date "1996.04.18"]
[Round "6"]
[White "Efimov, Igor"]
[Black "Iudicello, Marco"]
[Result "1-0"]
[WhiteElo "2455"]
[BlackElo "2215"]
[PlyCount "89"]
[EventDate "1996.04.13"]

1.Nf3 e6 2.c4 f5 3.g3 Nf6 4.Bg2 Be7 5.O-O O-O 6.b3 d6 7.d4 Ne4 8.Bb2 Nd7 
9.Ne1 Qe8 10.Nd3 Ndf6 11.Qc1 Ng4 12.f3 Bg5 13.Nf4 e5 14.fxg4 exf4 15.gxf4 
Bh4 16.Qe3 h6 17.Bxe4 fxe4 18.h3 Qg6 19.Nc3 Bd7 20.Kh2 Rae8 21.d5 a6 22.a4
Rf7 23.Rad1 Bf6 24.Ba1 Kh7 25.Na2 Bh4 26.f5 Qg5 27.Qxg5 Bxg5 28.Kg3 Bd8 
29.e3 Bg5 30.Bd4 c5 31.dxc6 Bxc6 32.Bb6 Bf6 33.Nb4 Bd7 34.Kg2 Be5 35.a5 g6
36.fxg6+ Kxg6 37.Rxf7 Kxf7 38.Bd4 Ke6 39.Nd5 Rc8 40.Nb6 Rd8 41.Bxe5 Kxe5 
42.Nxd7+ Rxd7 43.Rd5+ Ke6 44.Rh5 Rh7 45.g5 1-0